Los fichajes más caros del fútbol - Laterales izquierdos - 2017-2018 - Estadísticas

Estadísticas generales
  • Esta prueba ha sido intentada 20 veces
  • La puntuación promedio es 4 de 10
Estadísticas de respuestas
Coste (M €) Nacionalidad Último club Nuevo club Jugador % Correcto
57,50 Francia Mónaco Manchester City Benjamin Mendy
100%
9,00 Escocia Hull City Liverpool Andrew Robertson
79%
24,00 Francia Atlético Madrid Real Madrid Theo Hernández
79%
20,00 Brasil / Italia AS Roma Chelsea Emerson
47%
16,00 España Real Sociedad PSG Yuri Berchiche
42%
9,59 Argentina Racing Sporting Lisboa Marcos Acuña
32%
21,00 Brasil Niza Inter Dalbert
11%
11,00 Brasil Corinthians Sevilla FC Guilherme Arana
11%
8,90 China CQ Dangai Lif. Beijing Guoan Huan Liu
0%
9,00 Italia Cagliari Sampdoria Nicola Murru
0%
No se encontraron pruebas coincidentes
Distribución de puntuación
Porcentaje de gente con cada puntuación
Porcentaje por número respondido
Historial de tus puntuaciones
No has intentado esta prueba.